Poesía belga contemporánea (Record no. 120287)

MARC details
000 -LEADER
campo de control de longitud fija 00846nam a2200217 i 4500
001 - NÚMERO DE CONTROL
campo de control 120287
003 - IDENTIFICADOR DE NÚMERO DE CONTROL
campo de control ES-MaACL
005 - FECHA Y HORA DE LA ÚLTIMA TRANSACCIÓN
campo de control 20250910203414.0
007 - CAMPO FIJO DE DESCRIPCIÓN FÍSICA--INFORMACIÓN GENERAL
campo de control de longitud fija t|
008 - DATOS DE LONGITUD FIJA--INFORMACIÓN GENERAL
campo de control de longitud fija 070214s1966 sp r ||||1| spa d
245 00 - MENCIÓN DEL TÍTULO
Título Poesía belga contemporánea
Resto del título : francesa y neerlandesa /
Mención de responsabilidad, etc. selección y nota preliminar de Edmond Vandercammen, Karel Jonckheere ; traducción del francés por Alvarez Ortega y del neerlandés por Francisco Carrasquer.
260 ## - PUBLICACIÓN, DISTRIBUCIÓN, ETC.
Lugar de publicación, distribución, etc. Madrid :
Nombre del editor, distribuidor, etc. Aguilar,
Fecha de publicación, distribución, etc. 1966.
300 ## - DESCRIPCIÓN FÍSICA
Extensión 364 p. ;
Dimensiones 21 cm.
700 1# - ENTRADA AGREGADA--NOMBRE PERSONAL
Nombre de persona Vandercammen, Edmond.
9 (RLIN) 113061
700 1# - ENTRADA AGREGADA--NOMBRE PERSONAL
Nombre de persona Jonckheere, Karel.
9 (RLIN) 66824
700 1# - ENTRADA AGREGADA--NOMBRE PERSONAL
Nombre de persona Carrasquer Launed, Francisco,
Fechas asociadas al nombre 1915-2012
9 (RLIN) 242242
700 1# - ENTRADA AGREGADA--NOMBRE PERSONAL
Nombre de persona Álvarez Ortega, Manuel,
Fechas asociadas al nombre 1923-
9 (RLIN) 152996
852 ## - LOCALIZACIÓN
Ubicación ES-MaACL
Número de control de estantería C-30982
Sublocalización o colección R.61414
852 ## - LOCALIZACIÓN
Ubicación ES-MaACL
Número de control de estantería C-34699
Sublocalización o colección R.66306
Holdings
Estatus retirado Estado de pérdida Estado de daño No para préstamo Biblioteca de origen Biblioteca actual Ubicación en estantería Fecha de adquisición Fuente de adquisición Total de préstamos Signatura topográfica completa Código de barras Visto por última vez Precio de reemplazo Tipo de ítem Koha
        Biblioteca del Ateneo de Madrid Biblioteca del Ateneo de Madrid Depósito 2 17/01/2008     C-34699 1125377 23/02/2023 23/02/2023 Libro impreso
        Biblioteca del Ateneo de Madrid Biblioteca del Ateneo de Madrid Depósito 2 17/01/2008     C-30982 1125376 23/02/2023 23/02/2023 Libro impreso